000 00820cac a2200253 a 4500
003 Co-PeBPM
005 20250818133622.0
008 231129e1968||||ck |||||||||||||| ||spa||
040 0 _aCo-PeBPM
_bspa
_cCo-PeBPM
_erda
041 _aspa
082 0 4 _a155.33 P667p
_222
100 1 _aPiret, Roger
_eautor
245 1 0 _aPsicologia diferencial de los sexos
_c/ Roger Piret, con la colaboración de Micheline Andrien-Melin
260 _aBuenos Aires Argentina
_b: Kapelusz
_c, 1968
300 _a187 páginas
_c; 20 centímetros
500 _aIncluye índice.
504 _aIncluye bibliografía.
650 1 4 _aSexo
_2LEMB
650 1 4 _aPsicología
_2LEMB
650 1 4 _aPsicología Social
_2LEMB
650 1 4 _aPsicología Diferencial
_2LEMB
700 _aAndrien Melin, Micheline
_eColaboración
942 _2ddc
_cBK
999 _c23480
_d23480